000
00276nam a2200133Ia 4500
100
_a
Bidulya/P
942
_c
BK
654
_a
Foundry
245
_a
Steel Foundry Practice
260
_b
Mir publishers
_a
Moscow
_c
1968
082
_a
672.2
300
_a
319
546
_a
ENGLISH
999
_c
30583
_d
30583